| 000 | 00590nam a22001937a 4500 | ||
|---|---|---|---|
| 005 | 20251108165225.0 | ||
| 008 | 250721s2006 xx 000 0 ara d | ||
| 082 | 1 | 4 | _aط/928.11/كات |
| 100 | 1 | _aالكاتب، سيف الدين | |
| 245 | 1 | 0 | _aالخنساء أشهر شواعر العرب / |
| 264 | 1 |
_aبيروت : _bدار الشرق العربي، _c2006. |
|
| 300 | _a104ص. | ||
| 490 | 0 | _aاعلام الشعراء | |
| 650 | 1 | 7 | _aالتراجم |
| 650 | 1 | 7 | _aالشعراا العرب |
| 653 | _aناشاون صغار (10-14)سنه | ||
| 942 |
_2ddc _cBK |
||
| 999 |
_c22572 _d22572 |
||